000 00542nam a2200181 4500
999 _c4678
_d4678
008 200819b ||||| |||| 00| 0 eng d
020 _cRs.100.00
_a81-7028-009-5
041 0 _ahin
082 0 0 _a891.43
_bM67829
100 _93729
_aMishra, Bhagwati Sharan
245 1 0 _aPawanputra /
_cby Bhagwati Sharan Mishra
245 1 0 _aपवनपुत्र /
_cभगवती शरण मिश्रा
260 _aDelhi :
_bRajpal and sons,
_c1992.
300 _a360 p.
365 _bINR 100.00
650 0 _aHindi fiction
942 _2ddc
_cBK